History of Ancient India (Record no. 4992)

MARC details
000 -LEADER
fixed length control field 00495cam a2200193ua 4500
001 - CONTROL NUMBER
control field 5843
005 - DATE AND TIME OF LATEST TRANSACTION
control field 20260515113937.0
008 - FIXED-LENGTH DATA ELEMENTS--GENERAL INFORMATION
fixed length control field 131024n ii |||gr||||Z||||||eng
020 ## - INTERNATIONAL STANDARD BOOK NUMBER
International Standard Book Number 0-89581-257-6
040 ## - CATALOGING SOURCE
Transcribing agency MAIN
082 ## - DEWEY DECIMAL CLASSIFICATION NUMBER
Classification number 934
245 11 - TITLE STATEMENT
Title History of Ancient India
Statement of responsibility, etc. By Ramashankar Tripathi
250 ## - EDITION STATEMENT
Edition statement 1st ed.
260 ## - PUBLICATION, DISTRIBUTION, ETC.
Place of publication, distribution, etc. Delhi:
Name of publisher, distributor, etc. Motilal Banarsidass,
Date of publication, distribution, etc. 1985.
300 ## - PHYSICAL DESCRIPTION
Extent xi,563p.
653 ## - INDEX TERM--UNCONTROLLED
Uncontrolled term History of Ancient India
700 1# - ADDED ENTRY--PERSONAL NAME
Personal name Tripathi,Ramashankar,
Relator term Author.
942 ## - ADDED ENTRY ELEMENTS (KOHA)
Koha item type Books
Holdings
Withdrawn status Lost status Damaged status Not for loan Home library Current library Shelving location Date acquired Total checkouts Full call number Barcode Date last seen Copy number Price effective from Koha item type
        Naharkatiya College Library Naharkatiya College Library General stacks 09/19/2020   934 | TRI 3633 09/19/2020 1 09/19/2020 Books